Statistics for Guess The African City - With Pictures

Click here to take the quiz!

General Stats

  • This quiz has been taken 17 times
  • The average score is 8 of 32

Answer Stats

Answer% Correct
Cape Town
93%
Cairo
57%
Casablanca
57%
Alexandria
50%
Johannesburg
43%
Luanda
43%
Nairobi
43%
Tunis
43%
Lagos
36%
Timbuktu
36%
Dar es Salaam
29%
Algiers
21%
Aswan
21%
Durban
21%
Kinshasa
21%
Marrakech
21%
Port Elizabeth
21%
Rabat
21%
Addis Ababa
14%
Khartoum
14%
Port Said
14%
Tangier
14%
Antananarivo
7%
Batna
7%
Benghazi
7%
Brazzaville
7%
Mogadishu
7%
Suez
7%
Tripoli
7%
Abidjan
0%
Accra
0%
Praia
0%

Score Distribution

Percentile by Number Answered

Percent of People with Each Score

Your Score History

You have not taken this quiz